000 00624cam a2200217 a 4500
001 13483647
005 20180216090758.0
008 040206s2005 maua 001 0 eng
010 _a 2004101786
020 _a1413001920 (InfoTrac college ed.)
040 _aDLC
_cDLC
_dDLC
041 _aeng
080 _a808.042 KIR
082 0 0 _a808.042 KIR
_222
100 1 _a47
101 _aEDU
245 1 4 _aThe Wadsworth handbook /
_cLaurie G. Kirszner, Stephen R. Mandell.
906 _a7
_bcbc
_corignew
_d2
_eepcn
_f20
_gy-gencatlg
942 _2ddc
_cBK
999 _c42842
_d42842